00599cam a22002411 4500001001300000003000400013005001700017008004100034010001700075035002000092040001800112042001200130043001200142050001600154100003400170245002900204260001100233300002100244500001800265650002500283650003200308999001700340sa 68019446 DLC20260227112717.0890807s1964 ce 000 0 sino  asa 68019446  a(OCoLC)20136184 aDLCcWaUdDLC apremarc aa-ce---00aGR306b.W531 aWijesekera, Nandadeva,d1909-10aSivpada hā samājaya. c[1964] a8, 70 p.c22 cm. aIn Sinhalese. 0aFolklorezSri Lanka. 0aFolk literature, Sinhalese. c88887d88887